[Event "GM Tournament Belgrade 2022"]
[Site "Belgrade"]
[Date "2022.03.12"]
[Round "7.5"]
[White "Ivic, Velimir"]
[Black "Ivanisevic, Ivan"]
[Result "1-0"]
[WhiteElo "2607"]
[BlackElo "2599"]
[Annotator "TA"]
[PlyCount "71"]
[EventDate "2022.03.06"]
[EventType "tourn"]
[EventCountry "SRB"]
[SourceTitle "playchess.com"]
[Source "ChessBase"]
[SourceQuality "1"]

{[%evp 11,71,29,24,20,30,22,31,13,20,25,21,25,39,25,38,41,54,23,80,83,81,78,69,70,110,51,90,-7,-16,-3,0,0,128,12,110,121,116,114,370,370,364,341,428,423,650,587,632,465,446,465,462,456,859,825,936,616,29979,29980,29980,29981,29988,29989]} 1. e4 c5 2. Nf3 d6 3. d4 cxd4 4. Nxd4 Nf6 5. Nc3 Bd7 6. Bg5 e6 7. Ndb5 {B56: Classical Sicilian: Unusual Lines.} Bxb5 8. Bxb5+ Nc6 9. Qe2 $5 {[%mdl 4] White is slightly better. A promising side line.} Be7 10. O-O-O O-O {[%cal Of6e4] [#]} 11. Kb1 $146 ({Predecessor:} 11. h4 Qb6 12. Ba4 Rfe8 13. g4 d5 14. e5 Nd7 15. Bxe7 Rxe7 16. f4 Nc5 17. Bxc6 bxc6 {½-½ (48) Popovic,M (2327)-Stankovic,M (2414) Paracin 2021}) 11... a6 12. Ba4 b5 13. Bb3 Qb8 14. h4 (14. f4 $5 {[%cal Rf4f5]}) 14... Rc8 (14... b4 $11 15. Na4 Qb5) 15. f4 $1 $16 a5 {[%cal Ba6a5,Ba5a4][%mdl 32] White must now prevent ...a4.} 16. Nxb5 a4 17. Bc4 {[%cal Bb3c4,Bc4d3,Bd3e4,Be4d5][%mdl 32] White is more active.} Ra5 {[%cal Od6d5]} 18. Rh3 (18. Bxf6 $16 Bxf6 19. c3) 18... h6 {[#]} 19. g4 d5 $1 $11 (19... hxg5 $2 20. hxg5 Nh5 21. Qh2 $18) 20. exd5 exd5 21. Bd3 $36 {[%cal Oa2a3][%mdl 2048] Black is under pressure.} Ne4 (21... hxg5 $2 22. hxg5 g6 23. Rdh1 $18) (21... Re8 $1 $11) 22. c4 Re8 (22... hxg5 $2 23. hxg5 (23. cxd5 Ng3 $16) 23... Bxg5 24. Bxe4 dxe4 25. fxg5 $18) (22... Nd4 $1 $11 23. Qe1 Nxb5 24. cxb5 Ra7) 23. Bxe7 (23. cxd5 Bxg5 24. Bxe4 (24. fxg5 Nd4 $15) 24... Bf6 $11) 23... Rxe7 24. Re3 {[%cal Rd3e4]} ({Inferior is} 24. cxd5 {[#]} Nd4 $1 25. Qe3 (25. Qg2 Rxb5 26. Bxb5 Nxb5 $17) 25... Rxb5 26. Bxb5 (26. Qxd4 $2 Rb4 $19) 26... Nxb5 $17) 24... Nd4 $2 {[%mdl 8192] This costs Black the game.} 25. Qe1 $18 Nxb5 26. Bxe4 Nd6 27. Bxd5 ({Weaker is} 27. Qxa5 Nxc4 28. Qc3 Nxe3 $17) 27... Rea7 (27... a3 $142 28. b3 Rxe3 29. Qxe3 Qc8) 28. Qc3 Rc5 29. Qd4 Rac7 {[%cal Rd6c4]} 30. Rde1 {[%cal Od5f7] Bxf7+! is the strong threat.} Rc8 31. Re7 Qb4 (31... a3 $142 32. b3 R5c7) 32. a3 Qb8 33. f5 {aiming for g5.} Kf8 34. f6 {White mates.} Rxd5 35. Qxd5 gxf6 36. c5 {Weighted Error Value: White=0.34/Black=0.57} 1-0

[Event "GM Tournament Belgrade 2022"]
[Site "Belgrade"]
[Date "2022.03.13"]
[Round "8.1"]
[White "Sarana, Alexey"]
[Black "Ivanisevic, Ivan"]
[Result "1-0"]
[WhiteElo "2685"]
[BlackElo "2599"]
[Annotator "TA"]
[PlyCount "103"]
[EventDate "2022.03.06"]
[EventType "tourn"]
[EventCountry "SRB"]
[SourceTitle "playchess.com"]
[Source "ChessBase"]
[SourceQuality "1"]

{[%evp 9,103,14,15,21,33,33,23,27,21,35,30,33,26,22,22,20,33,28,36,31,33,16,24,22,31,23,67,59,61,31,42,33,37,33,43,32,43,56,50,48,40,19,71,71,61,43,54,50,62,56,83,82,84,82,85,86,109,106,96,80,85,8,13,0,0,0,0,0,0,0,0,0,0,0,0,0,1,1,2,0,6,6,23,6,6,6,23,6,33,6,67,67,361,361,729,652]} 1. d4 Nf6 2. c4 e6 3. Nf3 d5 4. Nc3 Nbd7 5. Bf4 dxc4 6. e3 {D37: Queen's Gambit Declined: 5 Bf4.} b5 7. Nxb5 Bb4+ 8. Nc3 {White has an edge.} Nd5 9. a3 (9. Bxc4 Nxc3 10. bxc3 Bxc3+ 11. Ke2 Bxa1 12. Qxa1 O-O $15) 9... Nxc3 10. Qd2 {[%mdl 64] Pin} Nd5 11. axb4 {next Bg3 is good for White.} Nxf4 12. exf4 Nb6 13. Be2 O-O 14. O-O Bb7 15. Ne5 Qd6 $1 16. Rfd1 (16. Bxc4 $2 f6 17. b3 fxe5 18. fxe5 Qe7 $17) 16... Rfb8 17. Ra5 {[#]} (17. Bxc4 f6 18. f5 fxe5 $15) 17... a6 $146 (17... f6 $1 $11 {is superior.}) ({Predecessor:} 17... f6 18. Nxc4 Nxc4 19. Bxc4 Bxg2 20. Kxg2 Qc6+ 21. d5 Qxc4 22. Rc5 Qe4+ 23. f3 Qg6+ 24. Kh1 Rd8 25. Rg1 Qf7 26. dxe6 Rxd2 27. exf7+ Kf8 28. Rxc7 {½-½ (28) Mamedyarov,S (2797)-Kuzubov,Y (2652) Tbilisi 2017}) 18. Rc5 $14 {White is much more active.} (18. Bxc4 f6 19. f5 Bd5 20. Bxd5 exd5 $15) 18... Bd5 19. Nxc4 Bxc4 20. Bxc4 Na4 21. f5 $1 Nxc5 22. bxc5 Qc6 23. fxe6 fxe6 24. Re1 Re8 25. f4 {[%mdl 1024] And now f5 would win. White has compensation.} Rad8 (25... Kh8 $1 $11) 26. Qd3 $1 $16 Kh8 27. b3 (27. Bxa6 Qd5 $11) 27... Qd7 28. Re4 a5 29. h3 $1 h6 30. Kh2 c6 31. Qe3 {[%cal Rc4e6]} Qf7 32. Bxe6 Qf6 33. f5 Re7 34. Qd2 Ra7 {[#]} 35. Qd1 (35. Rg4 $1 $16) 35... g6 $11 36. Qg4 Re7 37. Rf4 ({Of course not} 37. fxg6 Kg7 38. Kg3 Rde8 $17) ({Much worse is} 37. Qxg6 Qxg6 38. fxg6 Kg7 $17) 37... gxf5 38. Bxf5 {Black must now prevent Bd3.} Rg7 39. Bc2 Rxg4 40. Rxf6 {[%mdl 4096] Endgame KRR-KRB} Kg7 41. Rxc6 Rgxd4 42. Rg6+ Kf7 43. Ra6 {[%cal Bg6a6,Ba6a5,Ba5b5,Bb5b7,Bb7e7,Be7h7][%mdl 32]} Rc8 44. Rxa5 h5 45. Rb5 Ke6 46. b4 h4 47. Rb7 Ke5 48. Bb3 Rf4 49. Re7+ Kd4 (49... Kf6 $11 50. Rf7+ Ke5) 50. Be6 $14 Ra8 {[%mdl 8192]} (50... Rc6 $1 $14) 51. c6 $18 {c7 is the strong threat.} Ra1 $2 {[#]} (51... Ke5 52. Bg4+ Kd6) 52. Rh7 $1 {Weighted Error Value: White=0.07 (flawless) /Black=0.17 (very precise)} 1-0

[Event "GM Tournament Belgrade 2022"]
[Site "Belgrade"]
[Date "2022.03.13"]
[Round "8.2"]
[White "Abdusattorov, Nodirbek"]
[Black "Ivic, Velimir"]
[Result "1/2-1/2"]
[WhiteElo "2651"]
[BlackElo "2607"]
[Annotator "TA"]
[PlyCount "124"]
[EventDate "2022.03.06"]
[EventType "tourn"]
[EventCountry "SRB"]
[SourceTitle "playchess.com"]
[Source "ChessBase"]
[SourceQuality "1"]

{[%evp 21,124,13,13,22,31,11,11,11,12,16,14,25,17,10,17,9,14,10,12,21,17,10,9,7,7,8,8,8,7,8,8,8,8,0,8,8,8,8,8,8,8,8,8,0,0,0,0,0,0,0,0,0,0,0,0,0,0,0,0,0,0,0,0,0,0,0,0,0,0,0,0,0,0,0,0,0,0,0,21,0,0,0,0,0,0,0,0,0,8,8,8,0,12,0,0,0,0,0,0,0,0,0,22,22,22]} 1. e4 e5 2. Nf3 Nf6 3. Nxe5 d6 4. Nf3 Nxe4 5. d4 d5 6. Bd3 Bd6 7. O-O O-O 8. c4 c6 9. Nc3 Nxc3 10. bxc3 dxc4 11. Bxc4 Bf5 12. Bg5 {C42: Petroff Defence: 3 Nxe5 and unusual White 3rd moves.} Qa5 13. Nh4 Be6 14. Bxe6 {Threatens to win with Bf5.} Qxg5 15. Nf3 Qa5 16. Bb3 Nd7 17. Qd3 {The position is equal.} Rae8 18. Rfe1 Nf6 19. g3 g6 20. h4 Kg7 21. Kg2 {[#]} c5 $146 ({Predecessor:} 21... h6 22. a4 Qf5 23. Qxf5 gxf5 24. Ne5 Ne4 25. Nc4 Bc7 26. Ne3 f4 27. Nf5+ Kg6 {½-½ (56) Van Foreest,J (2688)-Mamedyarov,S (2782) chess24.com INT 2021}) 22. Rxe8 Rxe8 23. Ng5 Re7 24. Rb1 {next Nxf7 is good for White.} b6 $1 25. Rd1 cxd4 26. Qxd4 Be5 (26... Bc5 27. Qc4 Qa3 28. Rd2 $14 (28. Nxf7 Qb2 $11)) 27. Qb4 Qxb4 28. cxb4 h6 29. Nxf7 Rxf7 30. Bxf7 Kxf7 31. b5 Ke7 32. f4 Bd6 33. Rd4 h5 34. Ra4 Bb8 35. Rc4 Kd7 {Prevents Rc8.} 36. Kf3 Bd6 37. Rd4 Ke6 38. Ra4 Bb8 39. Rc4 Kd7 40. Ke3 Bd6 41. Ra4 Bb8 42. Rc4 Bd6 43. Kd4 Bc5+ 44. Ke5 Ng4+ 45. Ke4 Nf6+ 46. Kf3 Bd6 47. Rc6 Nd5 48. g4 hxg4+ (48... Nxf4 49. Rxd6+ $1 Kxd6 50. Kxf4 hxg4 51. Kxg4 $18) ({Don't do} 48... Bxf4 49. Rxg6 Ne7 50. Rf6 $16 (50. gxh5 $2 Nxg6 51. hxg6 Bh6 $19)) 49. Kxg4 Nc7 (49... Nxf4 $2 {[#]} 50. Rxd6+ $1 Kxd6 51. Kxf4 $18) ({Resist} 49... Bxf4 50. Rxg6 Ne7 51. Rf6 $16) 50. Kg5 Nxb5 51. Rc4 Be7+ $1 52. Kxg6 Bxh4 53. f5 Be7 54. f6 Bxf6 55. Kxf6 $11 {[%mdl 4096] Endgame KR-KN} Kd6 $1 56. Rc1 Nd4 57. Rd1 Kd5 58. Ke7 b5 59. Kd7 b4 60. Kc7 Kc4 61. Kb7 b3 62. axb3+ Nxb3 {An interesting draw.  Weighted Error Value: White=0.02 (flawless) /Black=0.01 (flawless)} 1/2-1/2

[Event "GM Tournament Belgrade 2022"]
[Site "Belgrade"]
[Date "2022.03.13"]
[Round "8.3"]
[White "Markus, Robert"]
[Black "Sjugirov, Sanan"]
[Result "1/2-1/2"]
[WhiteElo "2625"]
[BlackElo "2680"]
[Annotator "TA"]
[PlyCount "117"]
[EventDate "2022.03.06"]
[EventType "tourn"]
[EventCountry "SRB"]
[SourceTitle "playchess.com"]
[Source "ChessBase"]
[SourceQuality "1"]

{[%evp 16,117,7,0,10,-5,0,0,35,18,22,12,22,11,13,18,16,18,28,18,22,21,16,12,32,14,20,18,26,28,34,11,14,13,16,8,45,48,65,65,60,59,64,47,62,29,29,29,29,25,27,27,31,28,43,29,43,43,43,36,43,43,43,36,53,0,43,43,43,17,43,7,43,42,54,0,43,0,60,60,52,52,71,57,57,57,57,57,57,57,57,57,57,57,65,65,65,65,65,65,65,65,65,65]} 1. d4 Nf6 2. c4 e6 3. Nf3 d5 4. g3 Bb4+ 5. Bd2 Be7 6. Bg2 O-O 7. O-O c6 8. Qc2 b6 9. Ne5 Bb7 {E11: Bogo-Indian.} 10. Nc3 Nfd7 {[#]} 11. Nf3 $146 ({Predecessor:} 11. Nxd7 Nxd7 12. b3 Rc8 13. e4 e5 14. exd5 exd4 15. dxc6 Bxc6 16. Nd5 Nf6 17. Nxe7+ Qxe7 18. Bxc6 Rxc6 {½-½ (29) Alfaro Caracas,W (2164)-Rocha,M (2205) Managua 2015}) 11... a5 {The position is equal.} 12. cxd5 cxd5 13. Rfc1 Nc6 14. Qb3 Rc8 15. Nb5 Nf6 16. e3 Ne4 17. Be1 Nd6 18. Nxd6 Bxd6 19. Bf1 Ba8 20. Bb5 Na7 21. Be2 Rxc1 22. Rxc1 Qb8 23. Ba6 Bc6 24. Ne5 Be8 25. Bd3 Bxe5 (25... f6 {is more complex.} 26. Nf3 Bh5 27. Kg2 Rc8 28. Rc3 h6) 26. dxe5 {[%cal Oe1a5]} Bd7 27. f4 {White is more active.} Nc6 28. Qa3 Rd8 29. Bc3 Be8 30. Bd4 Nxd4 31. exd4 Rc8 {To avoid Qc3} 32. Rc3 Rxc3 33. Qxc3 Qd8 34. Kf2 h5 35. Ba6 Bd7 36. Be2 g6 $1 37. Ke3 Kg7 38. Kd2 Qb8 39. Qa3 Qf8 40. Qc3 (40. Qxf8+ $14 Kxf8 41. b3) 40... Qd8 (40... Qb8 $1 $11 {feels stronger.}) 41. Bd3 $14 Qb8 42. h3 Qd8 43. Be2 Qb8 44. Qa3 Qf8 45. Qc3 Qb8 46. Qa3 Qf8 47. Qxf8+ Kxf8 {[%mdl 4096] Endgame KB-KB} 48. Ke3 f5 49. exf6 {[%cal Of4f5] [#] And now f5! would win.} Kf7 {White is slightly better.} 50. g4 hxg4 51. hxg4 {Strongly threatening g5.} ({Of course not} 51. Bxg4 Bb5 $11) 51... Kxf6 52. g5+ Ke7 53. Bd3 Be8 54. Kd2 Kd6 55. b4 Kc7 56. Kc3 Kd6 57. Kb2 Kc7 58. Ka3 Kb7 59. Bc2 {Weighted Error Value: White=0.08 (flawless) /Black=0.08 (flawless)} 1/2-1/2

[Event "GM Tournament Belgrade 2022"]
[Site "Belgrade"]
[Date "2022.03.13"]
[Round "8.4"]
[White "Nihal Sarin"]
[Black "Indjic, Aleksandar"]
[Result "1-0"]
[WhiteElo "2656"]
[BlackElo "2604"]
[Annotator "TA"]
[PlyCount "82"]
[EventDate "2022.03.06"]
[EventType "tourn"]
[EventCountry "SRB"]
[SourceTitle "playchess.com"]
[Source "ChessBase"]
[SourceQuality "1"]

{[%evp 17,82,24,16,9,2,4,12,17,17,15,11,4,10,2,7,7,13,10,8,13,12,7,10,6,7,9,8,8,10,5,14,0,7,0,27,22,113,124,108,87,170,158,246,245,253,247,253,247,245,249,240,216,287,210,256,231,221,216,395,392,404,401,362,351,787,691,473]} 1. Nf3 d5 2. e3 Nf6 3. c4 e6 4. Nc3 c5 5. cxd5 Nxd5 6. Nxd5 Qxd5 7. b3 Be7 8. Bb2 O-O 9. Bc4 Qd8 10. O-O {A13: English Opening: 1...e6.} Nc6 11. d4 cxd4 12. Nxd4 {The position is equal.} Nxd4 13. Bxd4 Bd7 14. Qh5 Bf6 15. Rad1 {[#] Bxf6 is the strong threat.} Bxd4 16. Rxd4 {Threatens to win with Rfd1.} Qe7 {[#]} 17. Rfd1 $146 ({Predecessor:} 17. Bd3 g6 18. Qh6 f5 19. h4 e5 20. Bc4+ Be6 21. Bxe6+ Qxe6 22. Rc4 Rac8 23. Rxc8 Rxc8 {0-1 (101) Astafurov,A (2330)-Kusa,J (2177) Chess.com INT 2020}) 17... Bc6 18. Bb5 g6 19. Qe2 $40 {[%mdl 128] White mounts an attack.} Bxb5 20. Qxb5 Rfd8 {To avoid Qd7} 21. g3 {With the idea Rd7.} Rxd4 22. Rxd4 $11 {[%mdl 4096] Endgame Threatening Rd7. KQR-KQR} Rc8 23. Rd7 Qf6 (23... Rc1+ 24. Kg2 Qf6 25. Qd3 $16 (25. Rxb7 Rc2 $11)) 24. Qe2 {To avoid Rc2} e5 25. e4 Rc1+ 26. Kg2 h5 (26... Qc6 $11 {remains equal.} 27. Rd5 Rc5) 27. Rxb7 $16 h4 {[%cal Oh4h3]} 28. gxh4 {And now h3 would win.} (28. Rxa7 $6 h3+ 29. Kxh3 Rg1 30. Ra8+ Kg7 $11) 28... a5 (28... Rc3 $16 29. f3 Qc6 30. Rb8+ (30. Rxa7 $2 Rc2 $19) 30... Kg7) 29. Ra7 $18 Rc3 {Prevents Qe3.} (29... Qxh4 $16 {was called for.} 30. Qf3 f6 31. Rxa5 Kg7) 30. h3 (30. Rxa5 Qxh4 31. Rd5 Rh3 $15) 30... Qxh4 {[#]} 31. Ra8+ $1 ({Not} 31. Qg4 Qd8 $16) 31... Kg7 32. Qg4 Qe7 {[%cal Of7f5]} 33. Rxa5 Qb4 34. Ra8 Qb7 35. Rd8 {Qh4 would kill now.} Qe7 {To avoid Qh4} 36. Rd5 Qf6 37. Ra5 ({Don't do} 37. Rd2 $6 Rc1 38. Qg3 Re1) 37... Qb6 $2 (37... Rc1 38. Qg3 Rc2) 38. Rxe5 Qa6 39. Rd5 Rc1 40. Rd1 {Prevents Qf1+.} f5 $2 (40... Rc2 41. Qh4 Rc8) 41. exf5 Rxd1 {Weighted Error Value: White=0.05 (flawless) /Black=0.23 (precise)} 1-0

[Event "GM Tournament Belgrade 2022"]
[Site "Belgrade"]
[Date "2022.03.13"]
[Round "8.5"]
[White "Maghsoodloo, Parham"]
[Black "Navara, David"]
[Result "1/2-1/2"]
[WhiteElo "2701"]
[BlackElo "2697"]
[Annotator "TA"]
[PlyCount "67"]
[EventDate "2022.03.06"]
[EventType "tourn"]
[EventCountry "SRB"]
[SourceTitle "playchess.com"]
[Source "ChessBase"]
[SourceQuality "1"]

{[%evp 9,67,20,24,12,13,7,13,0,0,0,4,16,15,0,0,0,0,0,7,6,8,0,0,0,0,0,0,-1,0,0,0,0,0,0,0,-12,0,0,0,0,0,-17,-14,-15,-15,-15,-14,-13,0,0,0,0,0,0,0,0,0,0,0,0]} 1. e4 e5 2. Nf3 Nc6 3. Bb5 Nf6 4. d3 Bc5 5. Bxc6 dxc6 6. Nbd2 {[%cal Bb1d2,Bd2c4,Bc4a5][%mdl 32] C65: Ruy Lopez: Berlin Defence (3...Nf6), unusual lines and 4 0-0 Bc5.} Nd7 {The position is equal.} 7. Nc4 f6 $1 {7...f6 scores better than 7...0-0.} 8. c3 Nb6 9. Na5 Bd6 10. O-O c5 11. Be3 O-O 12. b4 cxb4 13. cxb4 Qe7 14. a3 c5 {[#]} 15. bxc5 $146 ({Predecessor:} 15. h3 cxb4 16. axb4 Be6 17. Bc5 Bxc5 18. bxc5 Qxc5 19. Nxb7 Qc7 20. Na5 {½-½ (20) Koch,C (2360)-Misericordia,A (2334) LSS email 2020}) 15... Bxc5 16. Qb3+ Rf7 17. Bxc5 Qxc5 18. Qb4 Rc7 19. d4 exd4 20. Nxd4 Qxb4 21. axb4 Bd7 22. f4 Nc4 23. Rfc1 Rac8 24. Nab3 b6 25. Rc2 Nd6 {[%csl LRc2,LRe4]} 26. Rxc7 Rxc7 27. e5 fxe5 28. fxe5 {[%cal Bf4e5,Be5e6][%mdl 32]} Nb5 29. e6 Nxd4 30. Nxd4 Be8 31. Nf5 g6 32. Ne3 Re7 33. Nd5 Rxe6 34. Rxa7 {An interesting draw.  Weighted Error Value: White=0.03 (flawless) /Black=0.01 (flawless)} 1/2-1/2

[Event "GM Tournament Belgrade 2022"]
[Site "Belgrade"]
[Date "2022.03.14"]
[Round "9.1"]
[White "Navara, David"]
[Black "Sarana, Alexey"]
[Result "1-0"]
[WhiteElo "2697"]
[BlackElo "2685"]
[Annotator "TA"]
[PlyCount "113"]
[EventDate "2022.03.06"]
[EventType "tourn"]
[EventCountry "SRB"]
[SourceTitle "playchess.com"]
[Source "ChessBase"]
[SourceQuality "1"]

{[%evp 11,113,8,29,17,7,4,13,7,16,22,5,16,33,20,18,27,22,27,26,0,0,0,20,18,19,25,23,37,39,37,53,44,44,44,44,38,44,44,77,79,82,96,93,83,91,104,83,88,88,91,133,127,178,177,163,6,14,0,0,0,0,0,164,125,175,165,262,286,273,213,230,161,658,612,594,568,29976,29977,29958,29957,29978,29979,29981,29982,29982,29983,29981,29982,29984,29985,29984,29981,29981,29982,29982,29983,29983,29984,29984,29985,29985,29986,29986,29987]} 1. d4 Nf6 2. c4 e6 3. Nf3 d5 4. Nc3 Bb4 5. Qa4+ Nc6 6. e3 O-O 7. Qc2 {D38: Queen's Gambit Declined: Ragozin Defence (4 Nf3 Bb4).} Re8 8. Bd2 Bf8 {The main line 8...Bf8 scores better than 8...a6.} 9. a3 {The position is equal.} e5 10. dxe5 Nxe5 11. cxd5 Nxf3+ 12. gxf3 Nxd5 13. h4 Nxc3 14. Bxc3 Qd5 {[#]} 15. Qa4 $146 ({Predecessor:} 15. Be2 Bf5 16. Qa4 Bd7 17. Rd1 Qxf3 18. Bxf3 Bxa4 19. Bxb7 Bxd1 20. Bxa8 Bg4 21. Bc6 {½-½ (41) Carlsen,M (2863)-Anand,V (2753) chess24.com INT 2020}) 15... Bd7 16. Qf4 {aiming for Rd1.} Bd6 {[#]} 17. Bc4 $1 {[%cal Oh1g1,Bf1c4,Bc4d5,Bd5e4,Be4c2][%mdl 32]} Bxf4 (17... Qf5 18. Qxf5) 18. Bxd5 c6 19. Be4 $36 {[%mdl 2048] White has good play.} Bh6 20. O-O-O Rad8 21. h5 (21. Bd4 {is more complex.} b6 22. Bc3 c5 23. Kc2 Ba4+ 24. b3) 21... Be6 22. Rxd8 Rxd8 23. f4 f5 24. Bc2 Bd5 25. Rg1 {[%cal Oc3g7] And now Bxg7! would win.} Be4 26. Bb3+ Bd5 27. Bxd5+ Rxd5 {[#]} 28. Bxg7 $1 Bxg7 $16 {[%mdl 4096] Endgame KRB-KR} 29. h6 $1 {[%mdl 64] Pin} Rd7 {[%cal Og8f8]} 30. Rg5 {[%mdl 64] Pin} (30. Rxg7+ Rxg7 31. hxg7 a5 $19) 30... Kh8 31. hxg7+ Rxg7 (31... Kg8 $16 32. Kc2 (32. Rxf5 Kxg7 33. Kc2 h6 $16) 32... Rd5) 32. Rxf5 {KR-KR} Rg2 33. Rf7 $2 (33. f3 $1 $18) 33... Rg7 $1 $11 34. Rf8+ Rg8 35. Rf7 {Black must now prevent Kd2.} Rg7 36. Rf5 (36. Rf8+ $6 Rg8 37. Rf7 Rg7 $16) (36. Rf6 $11) 36... Rg2 $18 {Black is now going downhill.} 37. f3 ({Don't take} 37. Rf7 $6 h5 $14) 37... Rf2 {[#]} (37... Re2 $16 {keeps fighting.}) 38. Rg5 $1 Rxf3 (38... a5 $142) 39. Kd2 Rf2+ 40. Kd3 h6 41. Rg1 {Threatens to win with Ke4.} a5 $2 (41... c5) 42. Ke4 Rxb2 43. f5 {[%cal Bf4f5,Bf5f6][%mdl 32]} b5 44. f6 {White mates.} Rf2 45. Ke5 b4 46. axb4 axb4 47. e4 b3 48. Ke6 b2 49. e5 c5 {[#]} 50. Kf7 $1 (50. Kd5 c4 $16) 50... Rg2 51. Rh1 {[%cal Rh1h6]} Kh7 52. e6 c4 53. e7 Re2 54. e8=Q Rxe8 55. Kxe8 c3 56. f7 c2 {[#]} 57. Rxh6+ $3 {[%mdl 512] Weighted Error Value: White=0.09 (flawless) /Black=0.26 (precise)} 1-0

[Event "GM Tournament Belgrade 2022"]
[Site "Belgrade"]
[Date "2022.03.14"]
[Round "9.2"]
[White "Indjic, Aleksandar"]
[Black "Maghsoodloo, Parham"]
[Result "1-0"]
[WhiteElo "2604"]
[BlackElo "2701"]
[Annotator "TA"]
[PlyCount "115"]
[EventDate "2022.03.06"]
[EventType "tourn"]
[EventCountry "SRB"]
[SourceTitle "playchess.com"]
[Source "ChessBase"]
[SourceQuality "1"]

{[%evp 12,115,0,10,0,0,20,17,16,17,18,10,80,54,65,28,39,10,35,-5,25,-19,0,0,0,-51,0,0,0,-2,0,-39,24,31,89,0,0,0,0,0,44,0,0,0,0,-10,60,57,66,66,60,66,85,72,89,86,70,77,84,0,103,71,98,113,177,173,207,188,276,263,263,240,462,472,512,187,482,518,535,491,625,617,511,494,489,473,454,428,1045,743,995,284,2799,2911,1811,500,1058,1036,968,658,1068,897,29980,29981,29990,29990]} 1. d4 Nf6 2. c4 e6 3. Nc3 Bb4 4. Qc2 d5 5. cxd5 exd5 6. Bg5 h6 {[%cal Bh7h6,Bh6h5,Bh5h4][%mdl 32]} 7. Bh4 Nc6 {E35: Nimzo-Indian: Classical: 4...d5 5 cxd5 exd5.} 8. e3 g5 9. Bg3 h5 {The position is equal.} 10. Bb5 $1 {10.Bb5 scores better than 10.Bd3.} h4 11. Be5 {[#]} Rh5 $146 (11... O-O $11) ({Predecessor:} 11... O-O 12. h3 Nxe5 13. dxe5 Ne4 14. Bd3 f5 15. Nf3 Qe7 16. a3 Bxc3+ 17. bxc3 b6 {½-½ (56) Sarana,A (2654)-Xiong,J (2709) Chess.com INT 2020}) 12. h3 Bd7 13. Bh2 Qe7 14. Nge2 O-O-O 15. O-O-O (15. a3 $5 {[%cal Ra3b4]} Bd6 16. Bxd6 Qxd6 17. Na4 $11) 15... a6 16. Ba4 (16. Bd3 {feels stronger.}) 16... Kb8 17. a3 Bd6 18. Bg1 (18. Bxd6 $11 Qxd6 19. Bxc6 Qxc6 20. Kb1) 18... g4 (18... b5 $15 19. Bb3 Na5) 19. hxg4 $11 Nxg4 {White should prevent ...Bf5.} 20. Bb3 Nf6 {[#] White must now prevent ...Bf5.} 21. f3 Bf5 {Inhibits e4.} (21... Rg5 $15 22. Nf4 Rdg8 23. Ncxd5 (23. Nfxd5 Nxd5 24. Nxd5 Qd8 $15) 23... Nxd5 24. Nxd5 Qd8) 22. Qd2 Bg6 (22... h3 $14) 23. Bf2 (23. Bh2 $16) 23... Rdh8 $1 24. Ba2 Qd7 25. Rde1 Na5 (25... Ne7 $11) 26. b4 (26. Bg1 $1 $14) 26... Nc6 $1 ({Don't take} 26... Nc4 27. Bxc4 dxc4 28. e4 $16) 27. Nf4 Bxf4 28. exf4 Ng8 (28... Bf5 $11) 29. f5 $36 {[%mdl 2048] White is more active.} Rxf5 {[%cal Oh4h3]} 30. Rxh4 {White is more active.} Rxh4 31. Bxh4 {[%cal Bf2h4,Bh4g3,Bg3e5][%mdl 32]} Rh5 32. Bg3 Nd8 33. a4 Ne7 34. b5 {[%cal Bb4b5,Bb5a6][%mdl 32] To avoid Nec6} Ne6 35. Kb2 ({White should try} 35. Be5 $16) 35... Ka7 (35... axb5 $11 {remains equal.} 36. Nxb5 Nc6) 36. Bb3 {White leaves nothing to chance now.} Rh8 37. Be5 Rc8 {[#]} (37... Re8 $16 {is a better defense.}) 38. g4 $1 $18 c6 39. bxa6 b6 (39... bxa6 $142 40. f4 f5) 40. a5 b5 41. Na2 c5 $2 (41... Kxa6 42. f4 f5 43. Nb4+ Ka7) 42. dxc5 Nc6 43. f4 $2 (43. Bd6) 43... Nxc5 $2 (43... Kxa6 44. f5 (44. Qxd5 Qxd5 45. Bxd5 Nxe5 $11) 44... Nxc5) 44. Bd4 Nxd4 45. Qxd4 Bd3 46. Bxd5 Bc4 47. Nb4 Qd6 48. Rd1 {aiming for Qe3.} Bxd5 49. Nxd5 Qe6 (49... Kb8 $142 50. Nb6 Qxd4+ 51. Rxd4 Re8 52. Nd7+ Nxd7 53. Rxd7 f6 54. Rb7+ Ka8 55. Rxb5 Rh8) 50. Rc1 {[%cal Bd1c1,Bc1c4,Bc4d4,Bd4d7][%mdl 32]} Qd6 51. Kb1 $2 (51. Ka3) 51... b4 $2 (51... Kb8 52. Re1 Nxa6 53. Qb6+ (53. Re7 Rc7 $18) 53... Qxb6 54. Nxb6 (54. axb6 Rd8 $16) 54... Rc3) 52. Rc4 {Hoping for Nb6.} Qg6+ 53. Kb2 (53. f5 $142 Qc6 54. Ne7 Qh1+ 55. Kb2 Qh2+ 56. Rc2) 53... Qd6 (53... Qd3 $142 54. Qxd3 (54. Rxb4 Qxd4+ 55. Rxd4 Kxa6 $16) (54. Nxb4 Qb3+ 55. Ka1 Qa3+ 56. Na2 Rc7 $18) 54... Nxd3+ 55. Kb3 Nc1+ 56. Kxb4 Nd3+ 57. Kb5 Rxc4 58. Kxc4 Ne1) 54. Nxb4 Qxd4+ 55. Rxd4 f5 56. g5 {And now g6 would win.} Ne6 57. Rd7+ Kb8 58. Nd5 {Weighted Error Value: White=0.37/Black=0.37} 1-0